[Event "CZE-ch U10"]
[Site "Kouty nad Desnou"]
[Date "2020.03.08"]
[Round "2"]
[White "Bouska, Jiri"]
[Black "Gorej, Vojtech"]
[Result "0-1"]
[WhiteElo "1643"]
[BlackElo "1360"]
[PlyCount "72"]
[EventDate "2020.03.07"]
[EventType "swiss"]
[EventRounds "7"]
[EventCountry "CZE"]
[SourceTitle "CBM 195 Extra"]
[Source "ChessBase"]
[SourceDate "2020.05.31"]
[SourceVersion "1"]
[SourceVersionDate "2020.05.31"]
[SourceQuality "1"]

1. d4 Nf6 2. c4 e5 3. dxe5 Ng4 4. Nf3 Bc5 5. e3 Nc6 6. h3 Ngxe5 7. Nxe5 Nxe5 8. Be2 d6 9. b3 Nf3+ 10. Bxf3 Qf6 11. Nc3 Bb4 12. Bd2 Bxc3 13. Rc1 Be5 14. Qc2 Qe7 15. Bc3 0-0 16. Bxe5 dxe5 17. 0-0 c6 18. Rfd1 Be6 19. Qe4 f6 20. c5 Rad8 21. Qb4 Bc8 22. Rd6 Rxd6 23. cxd6 Qd7 24. e4 g6 25. Rd1 h5 26. Qc4+ Kg7 27. a4 Rd8 28. a5 Qe6 29. a6 Qxc4 30. bxc4 b6 31. g4 h4 32. c5 bxc5 33. Rc1 Bxa6 34. Rxc5 Bb5 35. g5 Rxd6 36. gxf6+ Kxf6 0-1

[Event "CZE-ch U10"]
[Site "Kouty nad Desnou"]
[Date "2020.03.07"]
[Round "1"]
[White "Soucek, Andrej"]
[Black "Gorej, Vojtech"]
[Result "0-1"]
[WhiteElo "1043"]
[BlackElo "1360"]
[PlyCount "114"]
[EventDate "2020.03.07"]
[EventType "swiss"]
[EventRounds "7"]
[EventCountry "CZE"]
[SourceTitle "CBM 195 Extra"]
[Source "ChessBase"]
[SourceDate "2020.05.31"]
[SourceVersion "1"]
[SourceVersionDate "2020.05.31"]
[SourceQuality "1"]

1. e4 e6 2. d4 d5 3. exd5 exd5 4. Bd3 Bd6 5. Ne2 Nf6 6. 0-0 0-0 7. Bf4 Nc6 8. c3 Ne7 9. Re1 Bf5 10. Qc2 Bxd3 11. Qxd3 Ng6 12. Bxd6 Qxd6 13. Nd2 Ng4 14. Qg3 Qxg3 15. Nxg3 Rfe8 16. h3 Nf6 17. Re3 Rxe3 18. fxe3 Re8 19. Kf2 Kf8 20. Nf5 Ne4+ 21. Nxe4 dxe4 22. h4 Re6 23. h5 Rf6 24. hxg6 Rxf5+ 25. Ke2 fxg6 26. Rh1 h5 27. Rh4 Ra5 28. a3 Rg5 29. Kf2 Rb5 30. b4 Rb6 31. Rxe4 Rc6 32. Rf4+ Kg8 33. e4 Rxc3 34. Rf3 Rxf3+ 35. Kxf3 g5 36. e5 Kf7 37. d5 g6 38. Ke4 c6 39. a4 cxd5+ 40. Kxd5 Ke7 41. a5 a6 42. Kc5 g4 43. Kb6 h4 44. Kxb7 h3 45. gxh3 gxh3 46. Kxa6 h2 47. b5 h1Q 48. b6 Qa8+ 49. Kb5 Kd7 50. a6 Qc6+ 51. Ka5 Qc5+ 52. Ka4 Qxb6 53. Ka3 Qxa6+ 54. Kb4 Ke6 55. Kc5 Kxe5 56. Kb4 Kd4 57. Kb3 Ke5 0-1

[Event "EU-ch U10"]
[Site "Bratislava"]
[Date "2019.08.08"]
[Round "7"]
[White "Shmyrev, Nikolai"]
[Black "Gorej, Vojtech"]
[Result "0-1"]
[WhiteElo "1086"]
[BlackElo "1287"]
[PlyCount "100"]
[EventDate "2019.08.02"]
[EventType "swiss"]
[EventRounds "9"]
[EventCountry "SVK"]
[SourceTitle "EXT 2020"]
[Source "ChessBase"]
[SourceDate "2019.10.17"]
[SourceVersion "1"]
[SourceVersionDate "2019.10.17"]
[SourceQuality "1"]

1. e4 c5 2. c3 Nc6 3. d4 cxd4 4. cxd4 d5 5. e5 Qb6 6. Nf3 Bg4 7. Be2 Bxf3 8. Bxf3 e6 9. 0-0 Qxd4 10. Qxd4 Nxd4 11. Nd2 Bb4 12. Bd1 Bxd2 13. Bxd2 Rc8 14. f4 Ne7 15. g4 Kd7 16. Rc1 Rxc1 17. Bxc1 Rc8 18. Bd2 a6 19. Be3 Nc2 20. Bd2 Nd4 21. Be3 Ndc6 22. b3 b5 23. Bd2 a5 24. a3 b4 25. a4 Kc7 26. Rf3 Kb7 27. Rd3 Nb8 28. Kf2 Na6 29. Ke2 Nc5 30. Re3 Ne4 31. Rd3 Nxd2 32. Kxd2 Nc6 33. Bf3 Nb8 34. f5 Na6 35. fxe6 fxe6 36. h3 Kb6 37. g5 Nc5 38. Re3 d4 39. Re1 Nxb3+ 40. Kd3 Rc3+ 41. Ke4 Nd2+ 42. Kf4 Rxf3+ 43. Kg4 Rf1 44. Re2 Nc4 45. Re4 d3 46. Rxc4 d2 47. Rd4 d1Q+ 48. Rxd1 Rxd1 49. h4 b3 50. g6 h5+ 0-1

[Event "EU-ch U10"]
[Site "Bratislava"]
[Date "2019.08.02"]
[Round "1"]
[White "Gorej, Vojtech"]
[Black "Hvozdz, Aliaksandr"]
[Result "0-1"]
[WhiteElo "1287"]
[BlackElo "1699"]
[PlyCount "124"]
[EventDate "2019.08.02"]
[EventType "swiss"]
[EventRounds "9"]
[EventCountry "SVK"]
[SourceTitle "EXT 2020"]
[Source "ChessBase"]
[SourceDate "2019.10.17"]
[SourceVersion "1"]
[SourceVersionDate "2019.10.17"]
[SourceQuality "1"]

1. e4 d5 2. Nc3 d4 3. Nce2 c5 4. Nf3 Nc6 5. Ng3 e5 6. Bb5 Bd6 7. Bxc6+ bxc6 8. d3 Ne7 9. Bg5 f6 10. Bd2 Rb8 11. b3 Be6 12. h3 Ng6 13. Nh5 Qc7 14. h4 0-0 15. Ng3 Nf4 16. Rg1 Bg4 17. Kf1 Qd7 18. Rh1 h5 19. Bxf4 exf4 20. Ne2 Rbe8 21. Nfg1 Be6 22. f3 Be5 23. Qd2 f5 24. exf5 Bxf5 25. Nh3 Bxh3 26. Rxh3 Bc7 27. Ng1 Re3 28. Re1 Rfe8 29. Rxe3 Rxe3 30. Rh1 Qd8 31. Ne2 Ba5 32. Qd1 Qc8 33. Kf2 Qf5 34. Rh3 Qe5 35. Rh1 Bd8 36. Ng1 Bf6 37. Ne2 g6 38. Rh3 Kg7 39. Qf1 Bd8 40. Rh1 Ba5 41. a4 Rxd3 42. Kg1 Re3 43. Kf2 Rd3 44. Kg1 Rd2 45. Nc1 Rxc2 46. Qa6 Rxc1+ 47. Kh2 Rxh1+ 48. Kxh1 Qe1+ 49. Kh2 Qxh4+ 50. Kg1 Bb6 51. Qb7+ Kh6 52. Qf7 Qd8 53. Qxf4+ Kg7 54. Qe5+ Qf6 55. Qe8 c4 56. Qd7+ Kh6 57. g3 Qxf3 58. Kh2 d3 59. Qe8 Qf2+ 60. Kh3 Qf1+ 61. Kh2 Bg1+ 62. Kh1 Bf2+ 0-1

[Event "EU-ch U08 28th"]
[Site "Riga"]
[Date "2018.08.21"]
[Round "2"]
[White "Gorej, Vojtech"]
[Black "Moskvinov, Prokhor"]
[Result "1/2-1/2"]
[WhiteElo "1353"]
[BlackElo "1165"]
[PlyCount "54"]
[EventDate "2018.08.20"]
[EventType "swiss"]
[EventRounds "9"]
[EventCountry "LAT"]
[SourceTitle "CBM 186 Extra"]
[Source "ChessBase"]
[SourceDate "2018.08.24"]
[SourceVersion "1"]
[SourceVersionDate "2018.08.24"]
[SourceQuality "1"]

1. e4 e5 2. Nf3 Nc6 3. Bc4 Nf6 4. d3 Bc5 5. Nc3 h6 6. 0-0 0-0 7. Be3 d6 8. h3 Be6 9. Qd2 Kh7 10. Bxc5 dxc5 11. Bb5 Nd4 12. Nxd4 cxd4 13. Ne2 c6 14. Ba4 Nh5 15. f4 Nxf4 16. Nxf4 exf4 17. Qxf4 Qa5 18. Bb3 g5 19. Qf2 Qe5 20. Rae1 b5 21. Qe2 a5 22. Bxe6 fxe6 23. Rxf8 Rxf8 24. Rf1 Rxf1+ 25. Kxf1 Qf4+ 26. Qf3 Qxf3+ 27. gxf3 e5 1/2-1/2